Вариативность лексики в русском спортивном дискурсе; Лингвогуманитарное образование в пространстве технического вуза

Библиографические подробности
Источник:Лингвогуманитарное образование в пространстве технического вуза.— 2011.— С. 167-172
Главный автор: Щитов А. Г. Александр Григорьевич
Язык:русский
Опубликовано: 2011
Предметы:
Формат: MixedMaterials Статья
Запись в KOHA:https://koha.lib.tpu.ru/cgi-bin/koha/opac-detail.pl?biblionumber=241356

MARC

LEADER 00000naa2a2200000 4500
001 241356
005 20231031205928.0
035 |a (RuTPU)RU\TPU\book\262623 
035 |a RU\TPU\book\94316 
090 |a 241356 
100 |a 20130710d2011 k y0rusy50 ca 
101 0 |a rus 
102 |a RU 
200 1 |a Вариативность лексики в русском спортивном дискурсе  |f А. Г. Щитов 
320 |a Библиогр.: с. 171-172 (18 назв.) 
463 0 |0 (RuTPU)RU\TPU\book\250404  |t Лингвогуманитарное образование в пространстве технического вуза  |o сборник трудов Международной заочной научно-методической конференции, г. Томск, 29-30 ноября 2011 г.  |f Национальный исследовательский Томский политехнический университет (ТПУ) ; под ред. Ю. Ю. Ковалевой  |v С. 167-172  |d 2011  |p 306 с. 
610 1 |a труды учёных ТПУ 
700 1 |a Щитов  |b А. Г.  |c лингвист  |c доцент Томского политехнического университета, кандидат педагогических наук  |f 1955-  |g Александр Григорьевич  |2 stltpush  |3 (RuTPU)RU\TPU\pers\31081 
801 1 |a RU  |b 63413507  |c 20051216  |g PSBO 
801 2 |a RU  |b 63413507  |c 20130710  |g RCR 
942 |c BK